000 00662nam a2200241Ia 4500
005 20260121112543.0
008 6917 260114s9999 xx 000 0 eng d
020 _a9789814277044
037 _aEBOOK
040 _aCRL
_beng
_cCRL
041 _aeng
_2eng
084 _qCRL
100 _aNewton Roger G
_9959457
245 0 _aHow Physics Confronts Reality: Einstein Was Correct, But Bohr Won the Game
260 _bWorld Scientific
260 _bWSPC
260 _c2009
650 _aGeneral
_9959458
856 _uhttps://www.worldscientific.com/worldscibooks/10.1142/7328#t=toc
942 _cEBOOK
999 _c1544217
_d1544217